[Event "Porto Sant Elpidio op 8th"]
[Site "Porto Sant Elpidio"]
[Date "2005.11.20"]
[Round "2"]
[White "Di Martino, Antonio"]
[Black "Paolini, Fabio"]
[Result "1-0"]
[WhiteElo "2015"]
[BlackElo "1868"]
[PlyCount "133"]
[EventDate "2005.11.19"]
[EventType "swiss"]
[EventRounds "5"]
[EventCountry "ITA"]
[SourceTitle "EXT 2007"]
[Source "ChessBase"]
[SourceDate "2006.11.23"]
[SourceVersion "1"]
[SourceVersionDate "2006.11.23"]
[SourceQuality "1"]

1. e4 e5 2. Nf3 Nf6 3. Nc3 Bb4 4. d3 0-0 5. Be2 d6 6. 0-0 Bxc3 7. bxc3 h6 8. h3 c6 9. c4 Nbd7 10. Be3 d5 11. cxd5 cxd5 12. exd5 Nxd5 13. Qd2 Re8 14. c4 e4 15. cxd5 exf3 16. Bxf3 Nf6 17. Rab1 Nxd5 18. Rb5 Nxe3 19. fxe3 Rb8 20. Bd5 Be6 21. e4 a6 22. Bxe6 Rxe6 23. Rd5 Qb6+ 24. Qf2 Qxf2+ 25. Rxf2 Kf8 26. Rdf5 f6 27. e5 Ke7 28. exf6+ Rxf6 29. Rxf6 gxf6 30. Rb2 b5 31. Kf2 Ke6 32. Ke3 Kd5 33. Rb4 Rb6 34. Rd4+ Kc5 35. Rh4 f5 36. Rh5 Re6+ 37. Kd2 Rf6 38. g4 Kd4 39. Rxf5 Rxf5 40. gxf5 Ke5 41. Kc3 a5 42. f6 Kxf6 43. Kd4 a4 44. Kc5 Ke5 45. Kxb5 a3 46. Kb4 Kd4 47. Kxa3 Kxd3 48. Kb4 Kd4 49. a4 Kd5 50. Kb5 Kd6 51. Kb6 Kd7 52. Kb7 h5 53. a5 Ke6 54. a6 Kf5 55. a7 Kf4 56. a8Q Kg3 57. Qa3+ Kh2 58. Kc6 h4 59. Qe3 Kg2 60. Kd5 Kh2 61. Ke4 Kg2 62. Kf4 Kh2 63. Kg4 Kg2 64. Qf3+ Kh2 65. Qe2+ Kh1 66. Kf3 Kg1 67. Qg2# 1-0

[Event "Porto Sant Elpidio op-B 5th"]
[Site "Porto Sant Elpidio"]
[Date "2002.11.09"]
[Round "4"]
[White "Morici, Marco"]
[Black "Paolini, Fabio"]
[Result "0-1"]
[WhiteElo "1621"]
[BlackElo "1687"]
[PlyCount "65"]
[EventDate "2002.11.02"]
[EventType "swiss"]
[EventRounds "6"]
[EventCountry "ITA"]
[SourceTitle "EXT 2024"]
[Source "ChessBase"]
[SourceDate "2023.10.10"]
[SourceVersion "1"]
[SourceVersionDate "2023.10.10"]
[SourceQuality "1"]

1. c4 f5 2. Nc3 Nf6 3. d4 d6 4. Nf3 c6 5. g3 g6 6. Bg2 Bg7 7. 0-0 0-0 8. Rb1 Na6 9. a3 Bd7 10. b4 Rb8 11. Re1 Qe8 12. a4 e5 13. dxe5 dxe5 14. Be3 Ra8 15. b5 Nc7 16. Bc5 e4 17. Bxf8 Qxf8 18. Nd4 Rd8 19. Qb3 Ng4 20. Nc2 f4 21. Nxe4 fxg3 22. hxg3 Bf5 23. Qf3 Ne5 24. Qf4 Ne6 25. Qc1 Ng4 26. Rf1 Bd4 27. Nxd4 Nxd4 28. Rb2 cxb5 29. cxb5 Rc8 30. Qd2 Rd8 31. Qc3 Qh6 32. Rd1 Nf3+ 33. Qxf3 0-1

[Event "Porto Sant Elpidio op-B 5th"]
[Site "Porto Sant Elpidio"]
[Date "2002.11.03"]
[Round "3"]
[White "Paolini, Fabio"]
[Black "Basso, Fabrizio"]
[Result "1-0"]
[WhiteElo "1687"]
[BlackElo "1546"]
[PlyCount "57"]
[EventDate "2002.11.02"]
[EventType "swiss"]
[EventRounds "6"]
[EventCountry "ITA"]
[SourceTitle "EXT 2024"]
[Source "ChessBase"]
[SourceDate "2023.10.10"]
[SourceVersion "1"]
[SourceVersionDate "2023.10.10"]
[SourceQuality "1"]

1. e4 c5 2. Nc3 d6 3. g3 g6 4. Bg2 Bg7 5. d3 Nf6 6. Nge2 0-0 7. h3 Nc6 8. Be3 a6 9. Qd2 Bd7 10. f4 Qc7 11. g4 b5 12. Ng3 b4 13. Nd1 Kh8 14. 0-0 Rac8 15. g5 Ne8 16. h4 Bd4 17. c3 bxc3 18. bxc3 Bxe3+ 19. Nxe3 e6 20. f5 f6 21. fxg6 hxg6 22. h5 Ng7 23. gxf6 Nxh5 24. Nd5 exd5 25. Qh6+ Kg8 26. Qxg6+ Kh8 27. Qxh5+ Kg8 28. Qg6+ Kh8 29. Qg7# 1-0